| 000 | 00954cab a2200253 4500 | ||
|---|---|---|---|
| 001 | ABS53808 | ||
| 008 | 090401t1995 xxu||||| |||| 00| 0 eng d | ||
| 035 | _a(Sirsi) u6697 | ||
| 041 | _aeng | ||
| 100 | _aElks, L. | ||
| 245 | _aUnfair contract terms regulations | ||
| 260 | _c1995 | ||
| 350 | _a0 | ||
| 490 |
_aLegal Action _vOctober 1995, 14-17(4) |
||
| 520 | _aSummarises the scope and effect of the Unfair Terms in Consumer Contracts Regulations (SI 1994:3159) from the perspective of consumers and their advisers. Particular emphasis is given to the injunctive powers conferred on the Director General of Fair Trading. (Taken from journal abstract) | ||
| 650 | _aDIRECTOR GENERAL OF FAIR TRADING | ||
| 650 | _aEUROPEAN DIRECTIVES | ||
| 650 | _aUNFAIR CONTRACT TERMS | ||
| 650 | _aUNFAIR CONTRACTS TERMS ACT 1977 | ||
| 650 | _aUNFAIR TERMS IN CONSUMER CONTRACTS REGULATIONS 1994 | ||
| 690 | _aLAW | ||
| 942 | _n0 | ||
| 948 | _c04/03/1997 | ||
| 999 |
_c3990 _d3990 |
||